banner koha

Comparação dos efeitos de agentes mutagênicos na geração M em genótipos fixos de aveia (Avena sativa L.) (Registro n. 222674)

MARC details
000 -LÍDER
campo de controle de tamanho fixo 01002nas a2200325 4500
001 - NÚMERO DE CONTROLE
campo de controle BR2012007620
003 - IDENTIFICADOR DO NÚMERO DE CONTROLE
campo de controle BR-BrBNA
005 - DATA E HORÁRIO DA ÚLTIMA TRANSAÇÃO
campo de controle 20231205121254.0
007 - CAMPO FIXO DE DESCRIÇÃO FÍSICA--INFORMAÇÃO GERAL
campo de controle de tamanho fixo ta
008 - CAMPO DE DADOS FIXOS--INFORMAÇÃO GERAL
campo de controle de tamanho fixo 230509b bl.|||p| |||| 00| 00por d
040 ## - FONTE DA CATALOGAÇÃO
Instituição da catalogação original BR-BrBNA
Idioma da catalogação por
Instituição que transcreveu o registro Biblioteca Nacional de Agricultura
041 ## - CÓDIGO DE IDIOMA
Código do idioma do texto/trilha sonora ou título diferente (Pt)
072 ## - CÓDIGO DE CATEGORIA DE ASSUNTO
Código de Categoria de Assunto F30
100 1# - ENTRADA PRINCIPAL--NOME PESSOAL
Nome pessoal Coimbra, J.L.M.
100 1# - ENTRADA PRINCIPAL--NOME PESSOAL
Nome pessoal Marchioro, V.S.
100 1# - ENTRADA PRINCIPAL--NOME PESSOAL
Nome pessoal Lonrecetti, C.
100 1# - ENTRADA PRINCIPAL--NOME PESSOAL
Nome pessoal Azevedo, R. de
100 1# - ENTRADA PRINCIPAL--NOME PESSOAL
Nome pessoal Carvalho, F.I.F. de
100 1# - ENTRADA PRINCIPAL--NOME PESSOAL
Nome pessoal Oliveira, A.C. de
100 1# - ENTRADA PRINCIPAL--NOME PESSOAL
Nome pessoal Costa, F.L.C. da
245 1# - TÍTULO
Título Comparação dos efeitos de agentes mutagênicos na geração M em genótipos fixos de aveia (Avena sativa L.)
650 ## - ASSUNTO--TERMO TÓPICO
Cabeçalho tópico ou nome geográfico AVEIA
650 ## - ASSUNTO--TERMO TÓPICO
Cabeçalho tópico ou nome geográfico AVENA SATIVA
650 ## - ASSUNTO--TERMO TÓPICO
Cabeçalho tópico ou nome geográfico GENÓTIPO
650 ## - ASSUNTO--TERMO TÓPICO
Cabeçalho tópico ou nome geográfico MUTAGÊNICO
650 ## - ASSUNTO--TERMO TÓPICO
Cabeçalho tópico ou nome geográfico MÉTODO ESTATÍSTICO
773 0# - ENTRADA ANALÍTICA
Título Revista Brasileira de Agrociência (Brazil)
ISSN - International Standard Serial Number ISSN 0104-8996
Partes relacionadas (Jan-Apr 1999), v. 5(1) p. 12-18
Número de controle do registro BR2012007620
909 ## -
-- 202311
-- Lúcia
-- 55
-- Lúcia Elande
942 ## - ELEMENTOS DE ENTRADA ADICIONADOS (KOHA)
Fonte da classificação ou esquema de arquivamento na estante Classificação AGRIS
Ocultar no OPAC Não
Tipo de material Koha Analítica
Exemplares
Situação do descarte Fonte da classificação ou esquema de arquivamento na estante Situação física Não pode ser emprestado Biblioteca de origem Biblioteca atual Localização na estante Enumeração do periódico / cronologia Total de empréstimos Data de último acesso Número do exemplar Tipo de material Koha Fonte de aquisição
  Classificação AGRIS   Consulta local Biblioteca Nacional de Agricultura - Binagri Biblioteca Nacional de Agricultura - Binagri   (Jan-Apr 1999), v. 5(1) p. 12-18   29/11/2023 01 Periódicos Portaria Interministerial nº 164/94

BINAGRI

Telefone: (61)3218-2567/2388/3357/2097 - binagri@agro.gov.br

Ministério da Agricultura e Pecuária , Esplanada dos Ministérios, Bloco D, Anexo B, Brasília/DF, CEP: 70.043-900